Los temas poéticos de Miguel Hernández

Tallennettuna:
Bibliografiset tiedot
Päätekijä: Chevallier, Marie (Tekijä)
Aineistotyyppi: Kirja
Kieli:espanja
Julkaistu: Madrid Siglo Veintiuno 1978
Aiheet:
Tagit: Lisää tagi
Ei tageja, Lisää ensimmäinen tagi!

MARC

LEADER 00000nam a2200000 a 4500
001 UCT3687
003 CL-VaPUC
008 961024e19780000SP |||||||||||||||||spa|d
082 0 4 |a 861.09  |b CHE  |2 21 
100 0 |a Chevallier, Marie  |e author  |9 372644 
245 1 4 |a Los temas poéticos de Miguel Hernández 
300 |a 456 p 
942 |c BK 
945 |d 19961024 00:00:00  |a nastorga 
260 |a Madrid  |b Siglo Veintiuno   |c 1978 
600 0 7 |a HERNANDEZ, MIGUEL  |2 CL-VaPUC  |9 265382 
650 0 |a Poesía española  |9 264938 
650 7 |a SONETOS  |2 CL-VaPUC  |9 372645 
650 0 |a Poemas   |9 372646 
650 0 |a Metáforas  |9 372647 
650 0 |a Crítica e interpretación   |9 255042 
583 |a last modification  |c 19961024 00:00:00  |k Rodrigo Vera 
999 |c 253244  |d 253242 
952 |0 0  |1 0  |4 0  |6 861_090000000000000_CHE_1978  |7 0  |8 A  |9 273907  |a BIBEDU  |b BIBEDU  |d 2019-11-19  |i 3244962  |o 861.09 CHE 1978  |p 3244962  |r 2019-11-19  |w 2019-11-19  |y BK  |k LIT